Fundamentals of database systems (Record no. 5475)
[ view plain ]
| 000 -LEADER | |
|---|---|
| fixed length control field | 00581nam a2200181Ia 4500 |
| 003 - CONTROL NUMBER IDENTIFIER | |
| control field | SGT |
| 020 ## - INTERNATIONAL STANDARD BOOK NUMBER | |
| International Standard Book Number | 9788131716250 |
| 082 ## - DEWEY DECIMAL CLASSIFICATION NUMBER | |
| Classification number | 5.74 |
| Item number | ELM |
| 100 ## - MAIN ENTRY--PERSONAL NAME | |
| Personal name | Elmasri, Ramez |
| 245 ## - TITLE STATEMENT | |
| Title | Fundamentals of database systems |
| 250 ## - EDITION STATEMENT | |
| Edition statement | 5th Ed. |
| 260 ## - PUBLICATION, DISTRIBUTION, ETC. (IMPRINT) | |
| Name of publisher, distributor, etc | Pearson |
| Place of publication, distribution, etc | N.Delhi |
| Year of Publication | 2011 |
| 300 ## - PAGE DESCRIPTION | |
| No. of Pages | 1143p. |
| 650 ## - SUBJECT ADDED ENTRY--TOPICAL TERM | |
| Topical term or geographic name as entry element | COMPUTER SCIENCE |
| 653 ## - KEYWORDS--INDEX TERM | |
| Keyword term | INTRODUCTION AND CONCEPTUAL MODELING,RELATIONAL MODEL: CONCEPTS,CONSTRAINTS,LANGUAGES,TRANSACTION PROCESSING CONCEPTS,OBJECT AND OBJECT-RELATIONAL DATABASES,EMERGING TECHNOLOGIES |
| 700 ## - ADDED ENTRY--PERSONAL NAME | |
| Personal name | Navathe,Shamkant B |
| 942 ## - ADDED ENTRY ELEMENTS (KOHA) | |
| Source of classification or shelving scheme | Dewey Decimal Classification |
| Koha item type | Books |
| 942 ## - ADDED ENTRY ELEMENTS (KOHA) | |
| -- | 5 |
| Withdrawn status | Lost status | Source of classification or shelving scheme | Damaged status | Not for loan | Home library | Current library | Date acquired | SGTU | Total Checkouts | Full call number | Accession No. (Barcode) | Date last seen | Bill Date | Koha item type | Total Renewals | Date last borrowed |
|---|---|---|---|---|---|---|---|---|---|---|---|---|---|---|---|---|
| Dewey Decimal Classification | SGT Engineering Library | SGT Engineering Library | 06/11/2012 | SGTU | 5.74 ELM | FE5310 | 09/02/2015 | 09/02/2015 | Books | |||||||
| Dewey Decimal Classification | SGT Engineering Library | SGT Engineering Library | 06/11/2012 | SGTU | 5.74 ELM | FE5311 | 09/02/2015 | 09/02/2015 | Books | |||||||
| Dewey Decimal Classification | SGT Engineering Library | SGT Engineering Library | 06/11/2012 | SGTU | 2 | 5.74 ELM | FE5312 | 21/05/2019 | 09/02/2015 | Books | 1 | 24/04/2019 | ||||
| Dewey Decimal Classification | SGT Engineering Library | SGT Engineering Library | 06/11/2012 | SGTU | 2 | 5.74 ELM | FE5313 | 22/05/2018 | 09/02/2015 | Books | 15/05/2018 | |||||
| Dewey Decimal Classification | SGT Engineering Library | SGT Engineering Library | 06/11/2012 | SGTU | 6 | 5.74 ELM | FE5314 | 17/04/2024 | 09/02/2015 | Books | 1 | 02/04/2024 | ||||
| Dewey Decimal Classification | SGT Engineering Library | SGT Engineering Library | 06/11/2012 | SGTU | 2 | 5.74 ELM | FE5315 | 08/04/2019 | 09/02/2015 | Books | 4 | 23/04/2018 | ||||
| Dewey Decimal Classification | SGT Engineering Library | SGT Engineering Library | 06/11/2012 | SGTU | 5 | 5.74 ELM | FE5316 | 21/05/2019 | 09/02/2015 | Books | 03/05/2019 | |||||
| Dewey Decimal Classification | SGT Engineering Library | SGT Engineering Library | 06/11/2012 | SGTU | 3 | 5.74 ELM | FE5317 | 02/12/2019 | 09/02/2015 | Books | 23/11/2019 | |||||
| Lost and Paid For | Dewey Decimal Classification | SGT Engineering Library | SGT Engineering Library | 06/11/2012 | SGTU | 3 | 5.74 ELM | FE5318 | 14/02/2024 | 09/02/2015 | Books | 1 | 18/11/2019 | |||
| Dewey Decimal Classification | SGT Engineering Library | SGT Engineering Library | 06/11/2012 | SGTU | 1 | 5.74 ELM | FE5319 | 17/04/2025 | 09/02/2015 | Books | 02/04/2025 |